000
00204 a2200097 4500
001
11748
100
_a
Stamp, L.D
245
_a
Our Developign world
260
_a
_b
Faber & Faber
_c
090
_c
9005
_d
9005
942
_a
NUST-CAE
_c
M
_c
35829
999
_c
246821
_d
246821